Literatura testimonial: análisis de un discurso periférico
Guardat en:
| Autor principal: | |
|---|---|
| Format: | Llibre |
| Idioma: | espanyol |
| Publicat: |
Bogotá
Cooperativa Editorial Magisterio
1996
|
| Edició: | 1a. ed |
| Col·lecció: | Colección Mesa Redonda, 50
|
| Matèries: | |
| Etiquetes: |
Afegir etiqueta
Sense etiquetes, Sigues el primer a etiquetar aquest registre!
|
MARC
| LEADER | 00000cam a2200000 a 4500 | ||
|---|---|---|---|
| 001 | UCF8180 | ||
| 003 | CL-VaPUC | ||
| 008 | 130802e19960000ck |||||||||||||||||spa|d | ||
| 020 | |a 9582003081 | ||
| 082 | 0 | 4 | |a 401.41 |b THE |2 21 |
| 100 | 0 | |a Theodosíadis, Francisco |e author |9 570264 | |
| 245 | 1 | 0 | |a Literatura testimonial: análisis de un discurso periférico |
| 250 | |a 1a. ed | ||
| 300 | |a 130 p | ||
| 942 | |c BK | ||
| 945 | |d 20130802 12:08:00 |a dcastane | ||
| 260 | |a Bogotá |b Cooperativa Editorial Magisterio |c 1996 | ||
| 650 | 0 | |a Investigación lingüística |9 329785 | |
| 650 | 0 | |a Análisis del discurso |9 256696 | |
| 650 | 0 | |a Crítica literaria |9 269189 | |
| 583 | |a last modification |c 20130802 12:08:00 |k Rodrigo Vera | ||
| 490 | 0 | |a Colección Mesa Redonda, 50 | |
| 999 | |c 352815 |d 352813 | ||
| 952 | |0 0 |1 0 |4 0 |6 401_410000000000000_THE_1996 |7 0 |8 A |9 457490 |a BIBEDU |b BIBEDU |d 2019-11-22 |i 4992563 |l 1 |m 1 |o 401.41 THE 1996 |p 4992563 |r 2024-09-03 |s 2024-08-20 |w 2019-11-22 |y BK |k LIT | ||